Statistics for Name the Sewing Word

Click here to take the quiz!

General Stats

  • This quiz has been taken 6 times
  • The average score is 7 of 16

Answer Stats

HintAnswer% Correct
A protective implement worn on the finger or thumb when sewing.Thimble
83%
The thread that comes up from the bottom and meets the thread from the spool to form the stitch. Need to be wound up.Bobbin
67%
A twisted fiber, somewhere between rope and string.Cord
67%
The finished bottom edge of a garment.Hem
67%
The line where 2 pieces of fabric are held together by the thread.Seam
67%
Temporary long running stitches, made by either hand or machine, that holds the fabric together before permanent stitches are applied.Baste
50%
A direction of a piece of woven fabric, usually a 45 degree angle to the (7), or diagonal direction of the fabric.Bias
50%
A small piece of metal near the needle on the sewing machine. It keeps your fabric in place while you sew.Presser Foot
50%
A stitch to create fullness and/or bunching in the fabric, such as ruffles.Gather
33%
A type of fold in the fabric created by doubling the material back on itself and securing it in place.Pleat
33%
The edge of the piece of fabric after it is cut but before it is (6)Raw edge
33%
A small tool used for unpicking stitches.Seam ripper
33%
A narrow strip of material sewn around the edge of a garment, a bag or even a quilt.Binding
17%
The direction of the warp and the weft in a woven fabric.Grain
17%
A term for an undefined length of fabric.Yardage
17%
The front of a piece of fabric (the right side)Face
0%

Score Distribution

Percentile by Number Answered

Percent of People with Each Score

Your Score History

You have not taken this quiz